Statistiques concernant Matches de l'équipe de Nouvelle-Zélande de rugby à XV (2020 - …).

Cliquez ici pour prendre le quiz!

Statistiques générales

  • Ce quiz a été pris 404 fois
    (130 depuis la dernière actualisation)
  • Le résultat moyen est 13 sur 14

Statistiques - réponses

Matches% Correct
2France
100%
1Angleterre
99%
6Afrique du Sud
98%
11Australie
98%
4Irlande
98%
7Argentine
97%
1Ecosse
97%
1Namibie
95%
2Pays de Galles
95%
2Fidji
93%
1Italie
91%
1Tonga
90%
1Japon
89%
1États-Unis
72%

Distribution des résultats

Percentile par nombre de réponses

% des personnes avec chaque résultat

Votre développement - résultats

Vous n’avez pas pris ce quiz depuis la dernière actualisation